Crazy Rhythm: My Journey from Brooklyn, Jazz, and Wall Street to Nixon's White House, Watergate, and Beyond (Record no. 533826)
[ view plain ]
| 000 -LEADER | |
|---|---|
| fixed length control field | 00388nam a22001337a 4500 |
| 020 ## - INTERNATIONAL STANDARD BOOK NUMBER | |
| International Standard Book Number | 0812928873 |
| 040 ## - CATALOGING SOURCE | |
| Transcribing agency | MSOHAIL |
| 082 ## - DEWEY DECIMAL CLASSIFICATION NUMBER | |
| Classification number | 973.924092 |
| 100 ## - MAIN ENTRY--PERSONAL NAME | |
| Personal name | Leonard Garment |
| 9 (RLIN) | 27832 |
| 245 ## - TITLE STATEMENT | |
| Title | Crazy Rhythm: My Journey from Brooklyn, Jazz, and Wall Street to Nixon's White House, Watergate, and Beyond |
| 260 ## - PUBLICATION, DISTRIBUTION, ETC. | |
| Place of publication, distribution, etc. | USA |
| Name of publisher, distributor, etc. | DA Capo Press |
| Date of publication, distribution, etc. | c2001 |
| 300 ## - PHYSICAL DESCRIPTION | |
| Extent | 434;pxv |
| 942 ## - ADDED ENTRY ELEMENTS (KOHA) | |
| Source of classification or shelving scheme | |
| Koha item type | Book |
| Withdrawn status | Lost status | Source of classification or shelving scheme | Damaged status | Not for loan | Permanent Location | Current Location | Date acquired | Total Checkouts | Full call number | Barcode | Date last seen | Price effective from | Koha item type |
|---|---|---|---|---|---|---|---|---|---|---|---|---|---|
| School of Civil and Environmental Engineering (SCEE) | School of Civil and Environmental Engineering (SCEE) | 01/21/2020 | 973.924092 | NIT-9299 | 01/21/2020 | 01/21/2020 | Book |
